000 00765nam a22001815i 4500
001 167492
003 ES-MaACL
005 20250814063251.0
008 960320s1875 sp |||| | spa d
040 _aCARM
_bspa
_cCCPB | SIC
100 1 _aVieyra de Abreu, Carlos,
_d1854-1918
_9114608
245 1 3 _aEl libro de los recuerdos
_b: poesias líricas /
_cCarlos Vieyra de Abreu ; precedidas de una carta-prólogo del Sr. Gaspar Nuñez de Arce.
260 _aMadrid :
_b[s.n.],
_c1875 (
_fEstablecimiento tipográfico de P. Nuñez)
300 _a112 p. ;
_c19 cm.
700 1 _aNúñez de Arce, Gaspar,
_d1834-1903
_9223411
852 _aES-MaACL
_jT-281-F-5
_z-- Enc. hol., falto de la enc. original
_z-- Enc. en un vol. facticio
999 _c167492
_d167492